Top 25 countries where men do housework - Statistics

General Stats
  • This quiz has been taken 1,161 times
  • The average score is 20 of 25
Answer Stats
Minutes per day Country % Correct
82 United States
98%
66 United Kingdom
96%
79 Sweden
95%
83 Canada
93%
58 Norway
93%
91 Finland
92%
90 Germany
91%
76 Spain
91%
98 France
89%
57 Italy
89%
107 Denmark
88%
93 Australia
87%
83 Netherlands
86%
97 Belgium
85%
51 Portugal
85%
79 Austria
82%
49 Ireland
82%
76 New Zealand
81%
93 Poland
79%
75 Mexico
72%
48 China
64%
105 Estonia
64%
65 Hungary
62%
114 Slovenia
56%
69 South Africa
46%
No matching quizzes found
Score Distribution
Percent of People with Each Score
Percentile by Number Answered
Your Score History
You have not taken this quiz